AH International Schools' Libraries

Normal view MARC view
  • Baker-Smith, Dominic.

Entry Personal Name

Number of records used in: 1

001 - CONTROL NUMBER

  • control field: 3038

003 - CONTROL NUMBER IDENTIFIER

  • control field: OSt

005 - DATE AND TIME OF LATEST TRANSACTION

  • control field: 20110113152955.0

008 - FIXED-LENGTH DATA ELEMENTS

  • fixed length control field: 110113|||a|||||| | ||| d

040 ## - CATALOGING SOURCE

  • Original cataloging agency: OSt
  • Transcribing agency: OSt

100 ## - HEADING--PERSONAL NAME

  • Personal name: Baker-Smith, Dominic.

670 ## - SOURCE DATA FOUND

  • Source citation: Work cat.: (OSt)0: Machiavelli, Niccolò, 1469-1527. 3035, The prince /, c1992.

670 ## - SOURCE DATA FOUND

  • Source citation: Work cat.: (OSt)0: Machiavelli, Niccolò, 1469-1527. 3035, The prince /, c1992.

For any Logos Library related questions please contact Miss Art at swongnarasuk@asianhope.org.

For any Asian Hope Library related questions please contact Miss Raza at graza@asianhope.org.

Powered by Koha